<?xml version="1.0" encoding="UTF-8"?><record xmlns="http://www.loc.gov/MARC21/slim" xmlns:zs="http://docs.oasis-open.org/ns/search-ws/sruResponse">
  <leader>02606cz  a2200445n  4500</leader>
  <controlfield tag="001">n  80039681 </controlfield>
  <controlfield tag="003">DLC</controlfield>
  <controlfield tag="005">20220428064533.0</controlfield>
  <controlfield tag="008">800404n| azannaabn          |b aaa      </controlfield>
  <datafield ind1=" " ind2=" " tag="010">
    <subfield code="a">n  80039681 </subfield>
    <subfield code="z">sh 85018177 </subfield>
  </datafield>
  <datafield ind1=" " ind2=" " tag="016">
    <subfield code="a">1007B5710E</subfield>
  </datafield>
  <datafield ind1=" " ind2=" " tag="035">
    <subfield code="a">(OCoLC)oca00421760</subfield>
  </datafield>
  <datafield ind1=" " ind2=" " tag="040">
    <subfield code="a">DLC</subfield>
    <subfield code="b">eng</subfield>
    <subfield code="e">rda</subfield>
    <subfield code="c">DLC</subfield>
    <subfield code="d">DLC</subfield>
    <subfield code="d">OCl</subfield>
    <subfield code="d">DLC</subfield>
    <subfield code="d">OCoLC</subfield>
    <subfield code="d">DLC</subfield>
    <subfield code="d">WaU</subfield>
    <subfield code="d">OCoLC</subfield>
    <subfield code="d">UPB</subfield>
    <subfield code="d">DLC</subfield>
    <subfield code="d">WU</subfield>
    <subfield code="d">HU</subfield>
    <subfield code="d">CaOONL</subfield>
    <subfield code="d">WU</subfield>
  </datafield>
  <datafield ind1=" " ind2=" " tag="042">
    <subfield code="a">nlc</subfield>
  </datafield>
  <datafield ind1=" " ind2=" " tag="046">
    <subfield code="f">1875-09-01</subfield>
    <subfield code="g">1950-03-19</subfield>
    <subfield code="2">edtf</subfield>
  </datafield>
  <datafield ind1=" " ind2="0" tag="053">
    <subfield code="a">PS3503.U687</subfield>
  </datafield>
  <datafield ind1="1" ind2=" " tag="100">
    <subfield code="a">Burroughs, Edgar Rice,</subfield>
    <subfield code="d">1875-1950</subfield>
  </datafield>
  <datafield ind1=" " ind2=" " tag="370">
    <subfield code="b">Encino (Los Angeles, Calif.)</subfield>
  </datafield>
  <datafield ind1=" " ind2=" " tag="370">
    <subfield code="a">Chicago (Ill.)</subfield>
    <subfield code="2">naf</subfield>
  </datafield>
  <datafield ind1=" " ind2=" " tag="372">
    <subfield code="a">Science fiction</subfield>
    <subfield code="2">lcsh</subfield>
  </datafield>
  <datafield ind1=" " ind2=" " tag="374">
    <subfield code="a">Businesspeople</subfield>
    <subfield code="a">Politicians</subfield>
    <subfield code="2">lcdgt</subfield>
  </datafield>
  <datafield ind1=" " ind2=" " tag="374">
    <subfield code="a">Authors, American</subfield>
    <subfield code="a">Screenwriters</subfield>
    <subfield code="a">Journalists</subfield>
    <subfield code="2">lcsh</subfield>
  </datafield>
  <datafield ind1=" " ind2=" " tag="375">
    <subfield code="a">Males</subfield>
    <subfield code="2">lcdgt</subfield>
  </datafield>
  <datafield ind1=" " ind2=" " tag="377">
    <subfield code="a">eng</subfield>
  </datafield>
  <datafield ind1="1" ind2=" " tag="400">
    <subfield code="a">Berrouz, Edhar,</subfield>
    <subfield code="d">1875-1950</subfield>
  </datafield>
  <datafield ind1="1" ind2=" " tag="400">
    <subfield code="a">Берроуз, Едгар,</subfield>
    <subfield code="d">1875-1950</subfield>
  </datafield>
  <datafield ind1="1" ind2=" " tag="400">
    <subfield code="a">ביראוס, אדגר רייס,</subfield>
    <subfield code="d">1875-1950</subfield>
  </datafield>
  <datafield ind1="1" ind2=" " tag="400">
    <subfield code="a">バローズ, E. R.,</subfield>
    <subfield code="d">1875-1950</subfield>
  </datafield>
  <datafield ind1="1" ind2=" " tag="400">
    <subfield code="a">Bërrouz, Ėdgar,</subfield>
    <subfield code="d">1875-1950</subfield>
  </datafield>
  <datafield ind1="1" ind2=" " tag="400">
    <subfield code="a">Бёрроуз, Эдгар,</subfield>
    <subfield code="d">1875-1950</subfield>
  </datafield>
  <datafield ind1=" " ind2=" " tag="667">
    <subfield code="a">Machine-derived non-Latin script reference project.</subfield>
  </datafield>
  <datafield ind1=" " ind2=" " tag="667">
    <subfield code="a">Pseudonyms not found on published works: John Tyler McCulloch; Norman Bean.</subfield>
  </datafield>
  <datafield ind1=" " ind2=" " tag="667">
    <subfield code="a">Non-Latin script references not evaluated.</subfield>
  </datafield>
  <datafield ind1=" " ind2=" " tag="670">
    <subfield code="a">Author's Tarzan of the apes ... 1914.</subfield>
  </datafield>
  <datafield ind1=" " ind2=" " tag="670">
    <subfield code="a">Tarzan, 1996:</subfield>
    <subfield code="b">t.p. (Edhar Berrouz)</subfield>
  </datafield>
  <datafield ind1=" " ind2=" " tag="670">
    <subfield code="a">A princess of Mars, 2001:</subfield>
    <subfield code="b">t.p. (Edgar Rice Burroughs) t.p. verso (pseudonym: Norman Bean)</subfield>
  </datafield>
  <datafield ind1=" " ind2=" " tag="670">
    <subfield code="a">Gale literary databases--Contemporary authors, Apr. 9, 2001</subfield>
    <subfield code="b">(Edgar Rice Burroughs; b. Sept. 1, 1875, Chicago, Ill.; d. Mar. 19, 1950; married to Emma Holbert and Florence Dearholt; businessman &amp; entrepreneur; mayor of Malibu Beach, Calif., 1933; United Press correspondent in Pacific during World War II; novelist; pseudonyms: John Tyler McCulloch and Norman Bean)</subfield>
  </datafield>
  <datafield ind1=" " ind2=" " tag="670">
    <subfield code="a">U.S. Copyright (COHM) database, Apr. 13, 2001</subfield>
    <subfield code="b">(Norman Bean (his real name) co-authored science educational films with Marjorie Bean; born in 1925; not pseudonym for Edgar Rice Burroughs)</subfield>
  </datafield>
  <datafield ind1=" " ind2=" " tag="670">
    <subfield code="a">English Wikipedia website, viewed Dec. 3, 2015</subfield>
    <subfield code="b">(Edgar Rice Burroughs (September 1, 1875--March 19, 1950) was an American writer best known for his creations of the jungle hero Tarzan and the heroic Mars adventurer John Carter, although he produced works in many genres; Born: September 1, 1875; Chicago, Illinois, U.S.; Died: March 19, 1950 (aged 74); Encino, California, U.S.)</subfield>
  </datafield>
  <datafield ind1=" " ind2=" " tag="670">
    <subfield code="a">Vladyka Marsa, 1993:</subfield>
    <subfield code="b">title page (Эдгар Бёрроуз = Ėdgar Bërrouz)</subfield>
  </datafield>
</record>
